| 000 | 00554nam a22001577a 4500 | ||
|---|---|---|---|
| 003 | PILC | ||
| 005 | 20150824151245.0 | ||
| 008 | 150824b xxu||||| |||| 00| 0 eng d | ||
| 050 |
_aRC 901.7 _b.Ag284 2009 |
||
| 100 | _aAgustin, Susan SJ. | ||
| 245 |
_aCorrelates of profile, quality, of life, and compliance among home-based peritoneal dialysis clients / _cSusan SJ. Agustin. |
||
| 260 |
_aIntramuros, Manila : _bPamantasan ng Lungsod ng Maynila, _c2009. |
||
| 300 |
_axiv, 223 pages ; _c28 cm. |
||
| 650 | _aPeritoneal dialysis. | ||
| 942 |
_2lcc _cTH _kLOC |
||
| 999 |
_c288462 _d288462 |
||